| 000 | 00453cam a2200169ua 4500 | ||
|---|---|---|---|
| 020 | _c450.00 | ||
| 041 |
_aeng _h |
||
| 082 |
_a005.369 _bFRE/LE |
||
| 100 | _aFreeze, Wayne S . | ||
| 245 |
_aLeveraging visual basic with activeX controls / _cWayne Freeze S. _hTextual Documents |
||
| 260 |
_aNew Delhi : _bGalgotia publication pvt ltd , _c1997. |
||
| 300 | _a593 ; . | ||
| 365 | _a450.00 | ||
| 504 | _a | ||
| 942 | _cBK | ||
| 999 |
_c9731 _d9731 |
||